Membres Ateez - Statistiques

Statistiques générales
  • Ce quiz a été pris 361 fois
  • Le résultat moyen est 7 sur 8
Statistiques - réponses
Membres % Correct
- San
99%
- Mingi
96%
- Wooyoung
92%
- Yunho
92%
- SeongHwa
89%
- Jongho
86%
- Yeosang
86%
- HongJoong
81%
Aucun quiz correspondant
Distribution des résultats
% des personnes avec chaque résultat
Percentile par nombre de réponses
Votre historique - résultats
Vous n’avez pas pris ce quiz